00369nam a22001337a 450000500170000000800410001702000220005810000200008024500380010026000310013830000100016950000220017965000340020120250915161450.0250915b |||||||| |||| 00| 0 eng d a979-8-88715-061-1 aABRAHAMSON MATT aPOND FERTILIZATION AND FISH FEEDS aDUBLINbORYSON PRESSc2023 a280P. aINCLUDES AN INDEX aAQUACULTURE FEEDING AND FEEDS